000 00995nam a2200301 i 4500
001 bg
003 KOSZ 005
005 20200630132820.0
008 080324s1965 pl a f f 000 0 pol
015 _aPB 1965/7429
040 _aWA N
_cKOSZ 005/RW
_dKOSZ 005/RW
080 _a531
100 1 _aJanik, Franciszek
_d(1900-1975).
245 1 0 _aMechanika ogólna.
_nCz. 2,
_pKinematyka /
_cFranciszek Janik.
246 3 0 _aKinematyka.
250 _aWyd. 3.
260 _aWarszawa :
_bPaństwowe Wydawnictwo Naukowe,
_c1965.
300 _a248 s. :
_bil. ;
_c24 cm.
380 _aKsiążki.
504 _aBibliogr. s. 245.
521 8 _aSkrypt dla studentów wyższych szkół technicznych.
580 _aCz. 1 poz. 1713/65.
655 4 _aPodręczniki akademickie
650 4 _aKinematyka
710 2 _aPaństwowe Wydawnictwo Naukowe
_4pbl.
856 _uhttp://koha.tu.koszalin.pl/cgi-bin/koha/opac-detail.pl?biblionumber=10727
_yKatalog online BPK
942 _2UKD
_cKS
999 _c10727
_d10727